[Event "Amber-rapid 20th"]
[Site "Monte Carlo"]
[Date "2011.03.12"]
[Round "1"]
[White "Carlsen, Magnus"]
[Black "Nakamura, Hikaru"]
[Result "1-0"]
[WhiteElo "2815"]
[BlackElo "2774"]
[Annotator "Ftacnik,L"]
[PlyCount "79"]
[EventDate "2011.03.12"]
[EventType "tourn (rapid)"]
[EventRounds "11"]
[EventCountry "MNC"]
[EventCategory "21"]
[SourceTitle "CBM 142"]
[Source "ChessBase"]
[SourceDate "2011.05.17"]

1. d4 d5 2. c4 c6 3. Nc3 Nf6 4. e3 a6 5. Qc2 e6 6. Nf3 Nbd7 7. Bd2 {White is
finding it difficult to get some advantage against his opponent's flexible
setup. The most popular move is still 7.b3.} (7. b3 c5 8. cxd5 exd5 9. Bd3 Bd6
10. O-O O-O 11. e4 cxd4 12. Nxd5 h6 13. Bb2 Nxd5 14. exd5 Nf6 15. Nxd4 Nxd5 16.
Nf5 Bxf5 17. Bxf5 $14 {1/2-1/2 Grigorov,G (2479)-Georgiev,V (2582)/Bansko 2010
(102)}) 7... dxc4 8. a4 c5 9. Bxc4 cxd4 10. exd4 Nb6 {Nakamura plays the line
also with the white pieces and is well aware of the fact that Black has some
work to do before he can claim equality.} (10... Be7 11. O-O O-O 12. Rac1 (12.
Rad1 Nb6 13. Bb3 Bd7 14. Bg5 Bc6 15. Ne5 Nbd5 16. Qe2 Qd6 17. Rd3 $14 {1/2-1/2
Schlosser,P (2534)-Gustafsson,J (2566)/Austria 2003}) 12... Nb6 13. Bd3 Nbd5 (
13... h6 14. Qb3 Nbd5 15. Nxd5 Nxd5 16. Bc4 Bd7 17. Bxd5 exd5 18. Ne5 {The
pressure of white pieces is pretty unpleasant despite the symmetrical pawn
structure.} Bf6 19. Ba5 $1 Qe8 20. Bb4 Bxa4 21. Qa3 Bxe5 22. dxe5 Bb5 23. Rfe1
$16 {1/2-1/2 Nakamura,H (2715)-Ni Hua (2665)/London 2009 (46)}) 14. Nxd5 Qxd5
15. Bg5 h6 16. Bxf6 Bxf6 17. Bh7+ Kh8 18. Be4 Qa5 19. Ne5 Bxe5 20. dxe5 Bd7 21.
Qc7 Qxc7 22. Rxc7 Bxa4 $14 {1/2-1/2 Schlosser,P (2557)-Buhmann,R (2591)/
Austria 2010 (30)}) 11. Bd3 $146 {Carlsen comes up with a new move and it can
well be called a fresh concept. The bishop from the d3-square is eying the
h7-pawn.} (11. Bb3 Be7 12. O-O O-O 13. Rac1 Bd7 14. Ne5 Rc8 15. Qd3 Bc6 16.
Nxc6 Rxc6 17. a5 Na8 (17... Rd6 18. Ne2 Nbd5 19. Rc2 Qb8 20. Rfc1 $14 {1/2-1/2
Meier,G (2659)-Acs,P (2601)/Germany 2010 (59)}) 18. Rfd1 Rc8 19. d5 Nc7 20. Qg3
Nfxd5 21. Nxd5 Nxd5 22. Rxc8 Qxc8 23. Bxd5 exd5 24. Bc3 f6 25. Rxd5 Rd8 $11 {
1/2-1/2 Gervasio,R (2369)-Velikov,P (2492)/Clichy 1999 (66)}) 11... Nbd5 12.
Nxd5 Nxd5 {Recapturing with the black queen is not easy to punish, but White
would have kept some edge.} (12... exd5 13. O-O Be7 14. Rfe1 O-O 15. Rac1 $16)
(12... Qxd5 $5 13. O-O Bd7 14. Bc4 Qh5 15. Ne5 Bd6 16. f4 Ng4 17. h3 Nxe5 18.
fxe5 $14) 13. O-O Nb4 $6 {The golden rule of caution with active plans when
behind in development has been violated a thousand times - even by very strong
players. Can Black afford to exchange one of the white bishops?} (13... Bd6 14.
Be4 (14. Rac1 Nf4 15. Bc4 O-O 16. Rfe1 (16. g3 b5 $1 $13) 16... b5 $1 17. axb5
Bb7 $11) 14... Nf6 15. Rfc1 Nxe4 16. Qxe4 O-O 17. a5 f6 $14) 14. Bxb4 Bxb4 15.
Bxh7 $1 g6 (15... Bd6 16. Bd3 Bd7 (16... Bxh2+ $2 17. Nxh2 Qh4 18. Qc7 $18) 17.
Qe2 Rc8 18. h3 $16) 16. Bxg6 fxg6 17. Qxg6+ Kf8 {The American chess star is
very confident. Not every player would dare to play such a dangerous position
against the top player of the FIDE rating list.} (17... Kd7 18. Qg7+ Kd6 19.
Rfc1 $18) 18. Ne5 Qe7 {White is much better, so the defender has to play with
caution in order to keep some counterplay.} (18... Qe8 19. Qf6+ Kg8 20. Qg5+
Kf8 (20... Kh7 21. Rfc1 Rg8 22. Rc7+ Bd7 23. Qh4+ $18) 21. Ng6+ Kg7 22. Nxh8+
Kxh8 23. Rfc1 $18) 19. Rac1 Qh7 (19... Rg8 20. Qh5 Qg7 21. g3 Bd6 22. Rfd1 Ke7
23. Rd3 $16) 20. Qg3 {It would be more difficult to find the courage for the
transition into a promising endgame.} (20. h4 $5 Qxg6 21. Nxg6+ Kg8 22. Nxh8
Kxh8 23. Rc7 Bd6 24. Rfc1 Bxc7 25. Rxc7 b5 26. a5 $16) 20... Ke8 21. d5 $1 {
Carlsen has a clear goal - to attack the black king. The defender's pieces are
poorly coordinated.} Bd6 (21... exd5 22. Ng6 Be6 23. Qe5 Qxg6 24. Qxh8+ Qg8 25.
Qe5 $18) 22. Rfe1 Bd7 (22... Qg8 23. Qf3 Qh7 24. h3 $16) 23. h3 {The white
queen deserves a better future than serving as a passive defender of the
kingside.} Bxe5 (23... Rf8 24. dxe6 Bc6 (24... Bxe6 25. Qe3 Be7 26. Nf3 Bd7 27.
Rc7 $18) 25. Rxc6 $1 bxc6 26. Qc3 Rc8 27. Nd7 $18) 24. Rxe5 Rg8 25. Qe3 Rg6 (
25... Qg6 26. g4 Rc8 27. Rxc8+ Bxc8 28. dxe6 $18) 26. dxe6 Bc6 (26... Bc8 27.
Rd1 Qg7 28. Qe4 $18) 27. Rxc6 $1 {Excellent chess understanding has enabled
White to destroy the dangerous bishop without hesitation. Black will go under
due to the lack of piece coordination.} bxc6 28. Qe4 Qg7 (28... Rc8 29. Rg5 $1
Rg7 30. Qxh7 Rxh7 31. Rg8+ Ke7 32. Rxc8 $18) (28... Ke7 29. Qxc6 Rxg2+ 30. Qxg2
(30. Kxg2 Qg7+ 31. Kf1 Qxe5 32. Qxa8 $18) 30... Rg8 31. Rg5 Qb1+ 32. Kh2 Rxg5
33. Qxg5+ Kxe6 34. b4 $18) 29. Qxc6+ Ke7 30. Qc5+ Ke8 31. Qc6+ Ke7 32. Re3 $1 {
The rook retreats to a safe square, but still keeps the mobility along the 3rd
rank.} Ra7 (32... Rg8 33. Qc5+ Ke8 34. Rb3 Rxe6 35. Rb8+ Kf7 36. Rb7+ $18) (
32... Rd8 33. Qb7+ Ke8 34. e7 Rxg2+ 35. Qxg2 Qxg2+ 36. Kxg2 $18) 33. Qc5+ (33.
Qb6 $1) 33... Ke8 34. Qc6+ Ke7 35. Qb6 $1 {The white queen dominates the rook
on a7, so it makes sense to sacrifice the important g2-pawn.} Rxg2+ 36. Kf1
Rg1+ 37. Ke2 Ra8 38. Qb7+ Kd6 (38... Kf8 39. Qxa8+ $18) (38... Kf6 39. Qxa8 $18
) 39. Rd3+ Kxe6 (39... Kc5 40. b4+ Kc4 41. Qe4+ Qd4 42. Qxd4#) (39... Ke5 40.
Qxa8 $18) 40. Qc6+ {The black king ends its life in the centre hunted by the
two unrestrained white major pieces.} (40. Qc6+ Kf5 41. Rd5+ Qe5+ 42. Rxe5+
Kxe5 43. Qxa8 $18) 1-0

[Event "Tata Steel-A 73rd"]
[Site "Wijk aan Zee"]
[Date "2011.01.28"]
[Round "11"]
[White "Kramnik, Vladimir"]
[Black "Carlsen, Magnus"]
[Result "0-1"]
[WhiteElo "2784"]
[BlackElo "2814"]
[Annotator "Moradiabadi/Mueller,Kar"]
[PlyCount "170"]
[EventDate "2011.01.14"]
[EventType "tourn"]
[EventRounds "13"]
[EventCountry "NED"]
[EventCategory "20"]
[SourceTitle "CBM 141"]
[Source "ChessBase"]
[SourceDate "2011.03.17"]

1. d4 {Müller,Karsten} Nf6 2. c4 e6 3. g3 Bb4+ 4. Bd2 Bxd2+ {Carlsen stays
faithful to his game against Topalov, in which this line brought him a fine
victory.} 5. Qxd2 d5 6. Bg2 Nbd7 7. Nf3 c6 8. O-O b6 9. Rc1 O-O (9... Bb7 10.
Ne5 Nxe5 11. dxe5 Nd7 12. f4 O-O 13. cxd5 cxd5 14. Na3 a5 15. Nb5 Nc5 16. Rc2
f6 17. Qe3 fxe5 18. Qxe5 Rf5 19. Qd6 $1 $14 {1-0 Grischuk,A (2760)-Eljanov,P 
(2755)/Moscow 2010/CBM 139 (60)}) 10. cxd5 cxd5 11. Na3 Bb7 $146 12. Nb5 a6 13.
Nd6 Qb8 (13... Ne4 14. Nxb7 Nxd2 (14... Qb8 $2 15. Qf4 $16) 15. Nxd8 Nxf3+ 16.
Bxf3 Rfxd8 17. Rc7 Nf6 18. Rac1 $14) 14. Qb4 a5 15. Qa3 Ba6 16. Ne5 b5 17. Qxa5
$2 {Probably a miscalculation which turns the tables in Black's favour.} (17.
Rc6 b4 18. Qe3 Bb7 19. Nxd7 Nxd7 20. Nxb7 Qxb7 21. Rac1 Rfc8 22. R6c2 Rxc2 23.
Rxc2 Rc8 $11) 17... Qxd6 18. Rc6 Qb8 19. Rxa6 Rxa6 20. Qxa6 Nxe5 21. dxe5 Qxe5
22. Qxb5 Rb8 23. Qd3 Rxb2 {Since White's 17th move the moves have been more or
less forced.} 24. Qe3 {A good practical choice.} Qxe3 25. fxe3 Rxe2 26. a4 Rc2
27. a5 Rc7 28. a6 Ra7 29. Bf1 Kf8 30. Rb1 Ke7 31. Rb7+ Rxb7 32. axb7 Nd7 33.
Kf2 Kd6 34. Bb5 Nb8 35. Be8 Ke7 36. Bb5 f6 37. Kf3 Kd6 38. Be8 Kc7 39. Bf7 Kxb7
40. Bxe6 Kc6 41. Bg8 h6 {Kramnik has managed to increases his chances in this
ending where he is a pawn down.} 42. Kg4 $6 {But he goes astray now} (42. h4
Nd7 43. Kf4 Ne5 44. h5 {And it is more or less a fortress!}) 42... Nd7 43. Kf5
Ne5 44. h3 $6 {Müller,Karsten: 'In what follows Kramnik places both kingside
pawns on light squares." "Kramnik stellt seine Bauern im folgenden ungünstig
auf."} ({Müller,Karsten: By means of Mittels} 44. h4 $1 Kd6 45. h5 {Kramnik
could have drawn relatively easily. konnte Kramnik recht leicht remisieren.})
44... Kc5 45. g4 $6 {Pawns should not have been placed on white squares.} Kd6
$1 {A nice retreat!} 46. Bh7 Ke7 47. Bg8 g6+ 48. Kf4 Nf7 49. Bh7 g5+ {'!?'
Müller,Karsten.} (49... Nh8 {Müller,Karsten} 50. Bg8 Kd6 51. h4 $11) 50. Kg3
({Müller,Karsten: Unfortunately active defence with Unglücklicherweise ist
aktive Verteidigung mittels} 50. Kf5 $4 {'is impossible due to' wegen} Nd6+ 51.
Kg6 Nc4 $19 52. Kxh6 Nxe3 $19 {nicht spielbar.}) 50... Nd6 51. Bg8 Ne4+ {
Just in time!} 52. Kg2 Kd6 {Müller,Karsten: 'Magnus starts his long march.'
Magnus schickt seinen König auf eine lange Reise.'} 53. Kf3 Kc5 54. Bh7 Nc3
55. Bd3 Kb4 $17 56. Ba6 Kb3 57. Bb7 {'?' Müller,Karsten: 'Now the king will
reach d2 which seals White's fate.' 'Nun gelangt der König nach d2, was das
weiße Schicksal besiegelt.'} (57. Bd3 {Müller,Karsten:} Kb2 58. Kf2 Kc1 59.
Ke1 {was Kramnik's last chance to fight. It looks as if White can still defend.
war Kramniks letzte Chance. Es sieht so aus, als könne sich Weiß noch halten.
}) 57... Kc2 58. Ba6 (58. e4 $6 {Müller,Karsten} d4 $19) 58... Kd1 {Müller,
Karsten: 'Magnus' mighty king. In the duel knight against bishop the knight
usually wants to have control. But even then it is often quite difficult to
win. Magnus Carlsen had to use all his creativity to beat Kramnik. After
looking at my original analysis, which starts at this point, Kramnik remarked:
"I had made two childish blunders and was totally lost already." Magnus
mächtiger König Im Duell Springer gegen Läufer will die Springerpartei in
aller Regel die Kontrolle erlangen. Doch selbst dann ist der Gewinn oft nicht
leicht. So musste Magnus Carlsen all seine Kreativität und seinen König
einsetzen, um sich durchzusetzen. Nachdem Kramnik meine ursprüngliche Analyse
gesehen hatte, die im diesem Moment einsetzte, bemerkte er:"Ich hatte schon
zwei riesige Böcke geschossen und war bereits völlig verloren".} 59. Bb7 {
'?!' Müller,Karsten.} (59. Bc8 {(Müller,Karsten) was more tenacious as now
no direct zugzwang can be forced. But Black will win in any case: war viel
zäher, weil nun kein direkter Zugzwang hergestellt werden kann. Aber Schwarz
kann dennoch gewinnen:} Kd2 60. Bb7 Kc1 {A triangulation to break this setup.
Ein Dreicksmanöver, um diese Aufstellung zu durchbrechen.} 61. Bc8 Kd1 62. Bf5
(62. Ba6 Ke1 {Zugzwang} 63. Bd3 Kd2 64. Ba6 Nd1 65. e4 d4 $19) 62... Ke1 63.
Be6 Kf1 64. Bg8 Kg1 65. Kg3 Ne4+ 66. Kf3 Kh2 67. Bxd5 Nc3 $1 {Black must win a
tempo. Schwarz muss ein Tempo gewinnen.} ({After Denn nach} 67... Nd6 $2 68. h4
gxh4 69. Kf2) ({or after bzw nach} 67... Nc5 $2 68. Bc4 Kxh3 69. Bf1+ Kh4 70.
Be2 h5 71. gxh5 Kxh5 {Black has good drawing chances. hat Schwarz gute
Remischancen.}) 68. Bc4 Nb1 $3 {The point. The knight will either sacrifice
itself on d2 or return with gain of time. Die Pointe. Der Springer wird sich
entweder auf d2 opfern oder mit Tempo zurückkehren.} (68... Kxh3 $2 {is met
by wird mit} 69. Bf1+ Kh4 70. Bd3 {beantwortet..}) 69. Ke2 Kxh3 70. Bd3 (70.
Be6 Nc3+ 71. Kf3 Na4 72. Bc4 Kh4 73. Bf1 Nb6 74. Be2 Nd5 75. Bd1 Nc3 76. Bc2
Nb5 77. Ba4 Nd6 78. Bb3 f5 $19) 70... Nc3+ 71. Kf3 Kh4 72. Bf1 ({If White
stays on the b1-h7 diagonal with Wenn Weiß mit} 72. Bc2 {(Knaak) then the
following knight manovers win. Black's king also has to move from time to time
to bring White in zugzwang: auf der Diagonale b1-h7 bleibt, dann gewinnt der
folgende Springertanz, wobei der König sich immer mal wieder einschalten muss,
um Zugzwänge herbeizuführen:} Nb5 73. Bf5 (73. Bh7 Nd6 74. Bg6 Nc4 $19) 73...
Nd6 74. Be6 Kh3 75. Bb3 (75. Ba2 Nc8 76. Bc4 Ne7 77. Be6 Nc6 78. Ke4 Ne5 79.
Kf5 Nxg4 80. Kg6 Kh4 81. e4 Ne3 $19) 75... Nb7 76. Bd1 Nc5 77. Be2 Kh4 78. Bb5
Nb3 79. Be2 Nd2+ 80. Kf2 Ne4+ 81. Kg2 Nc3 82. Bf3 Na2 83. Be2 Nc1 84. Bd1 Nd3
85. Kf3 Ne5+ $19) 72... Nb1 73. Bd3 Nd2+ 74. Ke2 Kxg4 75. Kxd2 Kh3 76. Be2 g4
77. Ke1 h5 78. Kf1 Kh2 $19) 59... Kd2 {'!!' Müller,Karsten: 'Magnus Carlsen
puts Kramnik in zugzwang. Now his king will reach the white kingside pawns.'
'Magnus Carlsen bringt Kramnik in tödlichen Zugzwang. Nun wird der schwarze
König seinen langen Marsch in Richtung des Bauern h3 fortsetzen können.'} 60.
Bc6 (60. Ba6 $6 {(Müller,Karsten): is refuted by läuft in} Nd1 61. e4 d4 $19)
60... Ke1 61. Bb7 Kf1 62. Ba8 Kg1 63. Kg3 Ne4+ 64. Kf3 Nd2+ 65. Kg3 (65. Ke2 {
Müller,Karsten} Nc4 66. Bxd5 Ne5 67. Be4 Kh2 68. Kf2 Kxh3 69. Bf5 Kh4 $19)
65... Nf1+ 66. Kf3 Nd2+ 67. Kg3 Nc4 68. Bxd5 Nxe3 69. Bb7 Nf1+ 70. Kf3 Kh2 71.
Kf2 (71. h4 {Müller,Karsten} Kh3 72. hxg5 fxg5 73. Bc8 Nh2+ 74. Kf2 Nxg4+ 75.
Kf3 h5 $19) 71... Nd2 72. Bg2 Nc4 73. Bf1 Ne5 74. Ke3 Kg1 75. Be2 (75. Ke2 {
Müller,Karsten} Nd3 76. Kxd3 Kxf1 $19) 75... Kg2 76. Ke4 Kxh3 77. Kf5 Kh4 78.
Bd1 Nc4 {'!' Müller,Karsten.} 79. Ke4 ({After Nach} 79. Kxf6 {Müller,Karsten}
Ne3 80. Be2 Nxg4+ 81. Kg6 h5 82. Bd1 Ne3 83. Bxh5 Ng4 $19 {White is in
zugzwang. A tragicomical picture. ist Weiß in tödlichem Zugzwang.}) 79...
Nd6+ 80. Kd5 (80. Kf3 {Müller,Karsten} h5 81. gxh5 Kxh5 82. Kg3+ Kg6 $19)
80... f5 {'!' Müller,Karsten: : 'The final point. A very impressive endgame
performance by Magnus Carlsen!' 'Die letzte Pointe. Ein von Magnus Carlsen
sehr beeindruckend geführtes Endspiel!'} 81. Kxd6 {Müller,Karsten} fxg4 82.
Ke5 g3 83. Bf3 Kh3 84. Kf5 g2 85. Bxg2+ Kxg2 $19 0-1

[Event "Tata Steel-A 73rd"]
[Site "Wijk aan Zee"]
[Date "2011.01.21"]
[Round "6"]
[White "Smeets, Jan"]
[Black "Carlsen, Magnus"]
[Result "0-1"]
[WhiteElo "2662"]
[BlackElo "2814"]
[Annotator "Kritz,L"]
[PlyCount "66"]
[EventDate "2011.01.14"]
[EventType "tourn"]
[EventRounds "13"]
[EventCountry "NED"]
[EventCategory "20"]
[SourceTitle "CBM 141"]
[Source "ChessBase"]
[SourceDate "2011.03.17"]

1. e4 e5 2. Nf3 Nc6 3. Bb5 Nf6 4. O-O Nxe4 5. d4 Nd6 6. Bxc6 dxc6 7. dxe5 Nf5
8. Qxd8+ Kxd8 9. Nc3 Bd7 10. h3 b6 {Das sieht schon wirklich gefährlich aus.
Das Feld g5 sollte man unter Kontrolle nehmen oder man hat wirklich alles bis
ins kleinste Details analysiert, was nach Rd1-Ng5 passiert.} 11. b3 (11. Rd1 $5
{Der direkteste Versuch, die Abwesenheit des Bauern auf h6 auszunutzen.} Kc8
12. g4 Ne7 13. Ng5 $1 f5 $1 14. e6 Be8 15. Nf7 Bxf7 16. exf7 Ng6 $1 17. gxf5
Nh4 18. Ne4 Be7 19. Rd3 Rf8 $13 {Navara - Hammer (Wijk aan Zee, 2011)}) 11...
Kc8 12. Bb2 h5 $5 {Wenn das geht, dann hat Schwarz einfach Zeit an h6 gespart
und steht sehr gut.} (12... Be7 13. g4 Nh4 14. Nxh4 Bxh4 15. f4 f5 16. exf6
gxf6 17. f5 $14 {Womacka - Harikrishna (Catalan Bay, 2004)}) 13. g3 {Das ist
natürlich kein Versuch, den schwarzen Aufbau zu widerlegen.} (13. Ng5 Be7 $1 {
Es entstehen einige hübsche Varianten.} 14. Nxf7 (14. Nce4 Be8 15. Rad1 Kb7)
14... Rf8 15. Rfe1 Be6 16. Nd6+ cxd6 17. exd6 Bh4 $1 18. Rxe6 (18. g3 Kd7 19.
gxh4 Nxh4 $11) 18... Bxf2+ 19. Kh2 $1 (19. Kh1 Kd7 20. Re5 Bd4 21. Ree1 Rae8
$15) 19... Bg3+ 20. Kg1 Bf2+ $11) 13... Be7 {Schwarz hat das Maximum erreicht,
was er in der Berliner Mauer erreichen kann.} 14. Rad1 a5 15. a4 {Es ist gut
für Schwarz, die Züge a5 und a4 einzuschließen, denn die weißen Bauern
c2-b3-a4 können später Angriffsziele des schwarzen weißfeldrigen Läeufers
werden. Doch Weiß muss a4 spielen, weil er nicht damit leben kann, dass
Schwarz jeder Zeit selbst a4 spielt.} Re8 16. Rd3 $2 {Es stellt sich heraus,
dass der Turm auf d3 sehr unglücklich steht. Ein prophylaktischer Zug wie Kh2
wäre besser gewesen.} (16. Kh2 $5 c5 17. Nd5 c4 18. Nxe7+ (18. g4 hxg4 19.
hxg4 Nh6 20. g5 Nf5 21. Nxe7+ Rxe7 $15) 18... Rxe7 19. Rd2 Kb7 $11) 16... c5 {
Das ist ein Standardzug - man gibt das Feld d5 auf, bringt aber den Läufer
nach c6. Der Springer auf d5 steht schön, macht aber wenig.} 17. Nd5 c4 $1 {
Wenn ein solcher Zug in der Berliner Mauer gespielt wird, dann muss Weiß
sofort gewinnen oder er wird schlechter stehen. Sofort gewinnen kann er hier
nicht, also...} 18. Rc3 (18. Nxe7+ Nxe7 {Nun hängt der Bauer auf h3 auch noch.
} 19. Rd2 (19. bxc4 Bxa4 $17) 19... cxb3 20. cxb3 Bxh3 $19) 18... Bc5 $1 {
Das war die Idee! Der Bauer c7 ist indirekt verteidigt, der andere auf g3
hängt! Schwarz hat großen Vorteil.} 19. Kh2 (19. Rxc4 Bc6 $1 {Man muss sehr
genau spielen!} (19... Nxg3 $2 20. Rd1 $1 {Es droht Rxc5 oder Ba3} Nf5 21. Ba3
Bxa3 22. Nxc7 $3 $18 {Nicht mit dem Turm - das ist die Idee.}) 20. Rd1 Rd8 21.
Rf4 Nxg3 $17) 19... Bc6 {Auch 19...cxb3 führt zum Vorteil.} (19... cxb3 20.
cxb3 Bc6 $15) 20. bxc4 Bxa4 $17 {Diese Stellung ist fast verloren für Weiß.
Schwarz hat das Läuferpaar, die bessere Bauernstruktur, einen entfernten
Freibauern und aktiv stehende Figuren. Und das nach nur 20 Zügen!} 21. Ra1 Bc6
22. Rf1 $2 {Man sieht, dass der Weißspieler die Partie schon psychologisch
aufgegeben hat.} a4 {Schwarz hat keine Schwiriegkeiten mit der Verwertung
seines Vorteils.} 23. Ba3 Ra5 24. g4 hxg4 25. hxg4 Ne7 (25... Nd4 $1 {würde
noch einfacher gewinnen.} 26. Bxc5 Rh8+ 27. Kg2 (27. Kg3 Ne2+ 28. Kg2 Rxc5 29.
Re3 Rxc4 30. Ne7+ Kb7 31. Nxc6 Rxg4#) 27... Rxc5 $3 28. Nxd4 (28. Ne7+ Kb7 29.
Nxc6 Nxc6 30. Re1 Ra8 31. Ree3 Raa5 $19) 28... Bxd5+ 29. Kg3 Rxc4 $19) 26. Nb4
{Das Nehmen auf e7 sieht auch nicht gut aus.} (26. Nxe7+ Bxe7 27. Ra1 Bxa3 28.
Raxa3 Rc5 $17) 26... Bb7 27. Kg3 Ng6 $19 {Alle schwarzen Figuren greifen an,
alle weißen sind am Verteidigen.} 28. Re1 Bxf3 {Einfachste Entscheidung.} 29.
Rxf3 Rxe5 30. Rd1 Re4 31. Rxf7 Rxg4+ 32. Kxg4 Ne5+ 33. Kg3 Nxf7 0-1

[Event "2nd London Chess Classic"]
[Site "London ENG"]
[Date "2010.12.15"]
[Round "7"]
[White "Carlsen, M."]
[Black "Short, N."]
[Result "1-0"]
[WhiteElo "2802"]
[BlackElo "2680"]
[PlyCount "79"]
[EventDate "2010.12.06"]

1. e4 e6 2. d4 d5 3. Nd2 dxe4 4. Nxe4 Nd7 5. Nf3 Be7 6. Bc4 Ngf6 7. Nxf6+ Nxf6
8. O-O O-O 9. Ne5 c5 10. dxc5 Qxd1 11. Rxd1 Bxc5 12. Be2 Ne4 13. Nd3 Be7 14.
Be3 h6 15. a4 a5 16. g3 Rd8 17. Ne5 Nf6 18. Nc4 Rxd1+ 19. Rxd1 Nd5 20. Nb6 Nxe3
21. fxe3 Rb8 22. Kf2 e5 23. Rd5 Be6 24. Rxa5 Rd8 25. Bd3 Bf6 26. e4 Rd4 27. Rb5
g6 28. a5 Kg7 29. Ke2 Bg4+ 30. Kf2 Be6 31. Kf3 h5 32. Nd5 Bd8 33. b4 Bc8 34.
Ke2 Bg4+ 35. Ke1 f5 36. Rxb7+ Kh6 37. Ne3 Bf3 38. a6 fxe4 39. Be2 Bg5 40. a7
1-0

[Event "2nd London Chess Classic"]
[Site "London ENG"]
[Date "2010.12.14"]
[Round "6"]
[White "Kramnik, V."]
[Black "Carlsen, M."]
[Result "1/2-1/2"]
[WhiteElo "2791"]
[BlackElo "2802"]
[PlyCount "171"]
[EventDate "2010.12.06"]

1. d4 d5 2. c4 Nc6 3. Nf3 Bg4 4. Nc3 e6 5. Bf4 Bd6 6. Bg3 Nf6 7. e3 O-O 8. a3
Ne7 9. Qb3 b6 10. Ne5 c5 11. Nxg4 Nxg4 12. Rd1 Bxg3 13. hxg3 Nf6 14. cxd5 exd5
15. Be2 Qd6 16. Qc2 h6 17. O-O c4 18. b3 Qxa3 19. bxc4 dxc4 20. Bf3 Rab8 21.
Ra1 Qd6 22. Nb5 Qd7 23. Qxc4 a5 24. e4 Rfc8 25. Qe2 Rc6 26. Rab1 Rd8 27. Rfd1
Rdc8 28. d5 Rc2 29. Qe3 R2c5 30. Nd4 Re8 31. Qd3 Qd6 32. Qa6 Rb8 33. Nb3 Rc2
34. Nd4 Rc5 35. Nb3 Rc2 36. Qd3 Rcc8 37. Nd2 Ng6 38. Be2 Qc5 39. Rb5 Qc3 40. f4
a4 41. e5 Nd7 42. Qxc3 Rxc3 43. Ne4 Rc7 44. Ra1 Ra7 45. d6 Ngf8 46. Nc3 Nc5 47.
Nd5 Ra5 48. Rxb6 Rxb6 49. Nxb6 Nfe6 50. Bc4 Kf8 51. f5 Nd8 52. Rf1 Ncb7 53. Re1
a3 54. e6 fxe6 55. fxe6 Nxd6 56. e7+ Ke8 57. exd8=R+ Kxd8 58. Rd1 Kc7 59. Ba2
Rg5 60. Nd5+ Kc6 61. Nc3 Rc5 62. Rxd6+ Kxd6 63. Ne4+ Kc6 64. Nxc5 Kxc5 65. Kf2
Kd4 66. Kf3 Kd3 67. g4 Kd2 68. Be6 Kd3 69. Kg3 Ke3 70. Kh4 Kf2 71. Bd5 g6 72.
Kh3 g5 73. Kh2 Kf1 74. Be6 Kf2 75. Bc4 Ke3 76. Kg3 Kd4 77. Be6 Ke3 78. Kh2 Kf2
79. Bc4 Ke3 80. Kg1 Kf4 81. Be6 Ke5 82. Bb3 Kf4 83. Be6 Ke5 84. Bb3 Kf4 85. Be6
Ke5 86. Bb3 1/2-1/2

[Event "VI World Blitz"]
[Site "Moscow RUS"]
[Date "2010.11.18"]
[Round "29"]
[White "Mamedov, Rauf"]
[Black "Carlsen, Magnus"]
[Result "1-0"]
[WhiteElo "2660"]
[BlackElo "2802"]
[PlyCount "79"]
[EventDate "2010.11.16"]
[EventType "blitz"]

1. g3 d5 2. Bg2 Nf6 3. d3 c6 4. Nf3 Bg4 5. O-O Nbd7 6. Nbd2 e6 7. e4 Be7 8. Re1
O-O 9. h3 Bh5 10. Qe2 a5 11. a4 Qb6 12. g4 Bg6 13. Nh4 dxe4 14. Nxg6 hxg6 15.
Nxe4 Nxe4 16. Bxe4 Nf6 17. Bg2 Rad8 18. c3 c5 19. Bf4 Nd5 20. Be5 Bf6 21. Bg3
g5 22. Be4 Rd7 23. Rab1 Rfd8 24. Ra1 g6 25. Rad1 Bg7 26. h4 gxh4 27. Bxh4 Rc8
28. Bg3 Qb3 29. Bxg6 Qxa4 30. g5 Rcd8 31. Be4 Ne7 32. Qh5 Nf5 33. g6 Nxg3 34.
fxg3 f5 35. Rf1 Rd5 36. Bxd5 Rxd5 37. Rde1 Qd7 38. g4 f4 39. Qh7+ Kf8 40. Rxf4+
1-0